Evaluación de sistemas de tratamiento de agua para riego

Gespeichert in:
Bibliographische Detailangaben
1. Verfasser: García Morales, Francisco Alberto
Format: Buch
Veröffentlicht: [San José , Costa Rica] 1995
Schlagworte:
Tags: Tag hinzufügen
Keine Tags, Fügen Sie den ersten Tag hinzu!

MARC

LEADER 00000nam a2200000Ia 4500
003 007695
005 20221231144253.0
008 140114s1995 cr a m 000 ||s d
040 |c cru CEDI 
090 |a TFG 3294 
100 |a García Morales, Francisco Alberto  |9 10686 
245 |a Evaluación de sistemas de tratamiento de agua para riego 
260 |c 1995  |a  [San José , Costa Rica] 
300 |a  [106] hojas : ilustraciones (algunas plegables)  
500 |a Proyecto de graduación (licenciatura en ingeniería civil)--Universidad de Costa Rica. Facultad de Ingeniería. Escuela de Ingeniería Civil 
650 |x PURIFICACION DEL AGUA   |x RIEGO - COSTA RICA  |9 10687 
942 |c TFG 
999 |c 19374  |d 19374